Medieval religious houses, Scotland : with an appendix on the houses in the Isle of Man /

Bibliographic Details
Main Author: Cowan, Ian Borthwick
Other Authors: Easson, David Edward, 1897-
Format: Book
Language:English
Published: London ; New York : Longman, 1976.
Edition:2d ed.
Subjects:

MARC

Tag First Indicator Second Indicator Subfields
LEADER 00000pam a2200000 i 4500
001 in00000480121
005 20151013060126.0
008 751125s1976 enkbf 00110 eng
010 |a  75042083  
020 |a 0582120691 :  |c 13.00 
035 |a (OCoLC)01959648 
035 |9 ACC7204AM 
040 |a DLC  |c DLC  |d TXA  |d UtOrBLW 
043 |a e-uk-st 
049 |a TXAM  |c [1106126] 
050 0 0 |a BX2597  |b .E2 1976 
082 0 |a 271/.009411 
100 1 |a Cowan, Ian Borthwick. 
245 1 0 |a Medieval religious houses, Scotland :  |b with an appendix on the houses in the Isle of Man /  |c by Ian B. Cowan and David E. Easson ; with a foreword by David Knowles ; and maps by R. Neville Hadcock. 
250 |a 2d ed. 
264 1 |a London ;  |a New York :  |b Longman,  |c 1976. 
300 |a xxviii, 246 pages, 4 unnumbered folded leaves of plates :  |b 4 maps ;  |c 22 cm. 
336 |a text  |b txt  |2 rdacontent 
337 |a unmediated  |b n  |2 rdamedia 
338 |a volume  |b nc  |2 rdacarrier 
500 |a Edition for 1957 entered under D. E. Easson. 
500 |a Includes index. 
650 0 |a Monasteries  |z Scotland. 
700 1 |a Easson, David Edward,  |d 1897-  |t Medieval religious houses, Scotland. 
999 |a MARS 
999 f f |s d2104656-0cd0-3e81-a27e-898fb7b6569e  |i 2b9ad477-71c4-3f90-8415-3b6a04339888  |t 0 
952 f f |p ric  |a Texas A&M University  |b Rellis Campus  |c Joint Library Facility  |d Remote Storage  |t 0  |e BX2597 .E2 1976  |h Library of Congress classification  |i unmediated -- volume  |m A14801816809 
998 f f |a BX2597 .E2 1976  |t 0  |l Remote Storage